Quizzes
Events
Quiz Creation
Community
Videos
Private Events
Remove Ads
Sign In
Join for FREE
Feedback
Dark Mode
Quiz Categories
Sports
Geography
Music
Movies
Television
Just For Fun
Miscellaneous
History
Literature
Language
Science
Gaming
Entertainment
Religion
Holiday
For Kids
Quiz Lab
Recent
Popular Today
Quiz Kudos Today
Editor Picks
Curator Picks
Quizzes by...
Day
Popularity
Type
Ratings
Length
Year
Community
Subscriptions
Recent Discussions
Orange Saloon
Badges
Playlists
Quests
Create
Leaderboards
Showdown
Live 5
Trivia Bingo
Activity
Puzzle Library
Sporcle Events
Private Events
Virtual Trivia
Globe League
Become a Host
Pub Owners
SporcleCon
Opinionation
Our Games
Videos
Blog
Mobile Apps
Partnerships
Remove Ads and Go Orange
Feedback
Music
Pop Music
The Beatles
Song
Album
Lyrics
Bands
Singers
Artist
Clip
Rock
Rap
Classical
Billboard
Country Music
Kpop
Taylor Swift
Music
Pop Music
The Beatles
Song
Album
Lyrics
Bands
Singers
Artist
Clip
Rock
Rap
Classical
Billboard
Country Music
Kpop
Taylor Swift
Random Quiz
Search Sporcle
×
Quiz Lab
Quiz Lab
Music
Song
Type in answers that appear in a list
Type in answers that appear in a list
Classic
Best Score? Go Orange.
Song Profile: Love Story Stats
Can you name the answers to these questions about the song Love Story by Taylor Swift?
By
soxfan1
5m
20 Questions
770 Plays
770 Plays
770 Plays
Comments
Comments
Give Quiz Kudos
Give Quiz Kudos
-
- Ratings
hide this ad
Replay
Link that replays current quiz
Next Quiz
Link to next quiz in quiz playlist
You Got
0%
They Got
Avg Score
84%
Avg Friend Score
Upgrade to see
Score Distribution
Jump to the score distribution portion of the page
Score
0/20
Timer
05:00
0
Plays Today
Question
Answer
% Correct
Who said 'stay away from Juliet'?
My daddy
96.8%
Who were you?
Romeo
91.9%
What do I close?
My eyes
91.3%
What am I standing on?
A balcony in summer air
89.2%
What were you throwing?
Pebbles
89%
What do you make your way through?
The crowd
88.4%
What were we both when I first saw you?
Young
87.7%
What did he pull out?
A ring
87.4%
What did he tell me to go pick out?
A white dress
87.4%
Where was I crying?
On the staircase
87.3%
Question
Answer
% Correct
What starts?
The flashback
86.8%
Where do I sneak out to in order to see you?
The garden
85.3%
What are we if they knew?
Dead
85.3%
What do you say?
Hello
83.5%
Escape from where for a little while?
This town
81.3%
Who will I be?
The princess
78.1%
What do we keep?
Quiet
77.1%
What's the only thing left to do?
Run
75.7%
What was my faith in you doing?
Fading
74.5%
What will we make it out of?
This mess
56.6%
Quiz Playlist
Details
Report
Send in Message
Add To Playlist
Classic:
Type in answers that appear in a list
Quiz Source
Last Updated: Feb 16, 2017
Quiz Scoreboard
CHALLENGE
Sign Up to Join the Scoreboard
Show All
Scores
Hide
Comments
May contain spoilers
Recently Published
Movies - When Are They Set?
by FPL_Elf
Movies
5m
Popular People in 1961
by mucciniale
History
6m
1-10 Letter E Words III
by El_Dandy
Language
2m
More to Explore
Quiz From the Vault
Featured Blog Post
Where Did the Easter Bunny Come From?
hide this ad
You Might Also Like...
Tags
Song Quiz
Taylor Swift Quiz
Love
Love Story
profile
Story
Today's Top Quizzes in Music
Browse Music
hide this ad
Today's Top Quizzes in Song
Browse Song
Top Contributed Quizzes in Music
1
Taylor Swift All Songs (2024)
2
2010s Album by Cover III
3
One Thing in Common: Music
4
Taylor Swift Logic Puzzle
5
Guess the Artist- 70s Songs
6
2010s Album by Cover IV
7
Guess the Taylor Swift song (Mystery Song)
8
2010s Album by Cover V
9
Lana Del Rey Discography (BTD to DYKTTATUOB)
10
2010s Album by Cover VI
Explore More
Trending Topics
Harry Potter
Disney
Anime
Kpop
NBA
Crossword
Marvel
Pokémon
Puzzle
Soccer
Song
The Office
Country
WWE
NFL
hide this ad
More By:
soxfan1
Quiz
Plays
Rating
Category
Featured
Created
Alphabetical Countries Per Letter Minefield
402,438
4.38
Geography
Jun 29, 2011
Presidential Popular Vote
184,313
4.25
History
Dec 5, 2009
Rhymes with 'Bill'
147,588
4.48
Language
Jan 10, 2012
Figure Out the Lyrics: TV Theme II
92,009
3.99
Television
Jun 5, 2010
Literary Grab Bag
74,013
4.07
Literature
Jul 31, 2010
Go to Creator's Profile
Score Distribution
Quiz Creator Spotlight
soxfan1
Follow
Send a Message
Quizzes Created
-
Created Quiz Play Count
-
More By This Creator
Popular Quizzes Today
1
Find the US States - No Outlines Minefield
2
Find the Countries of Europe - No Outlines Minefield
3
The Countries of the World
4
Popular People in 1961
5
1-10 Letter E Words III
6
US States
7
Find the US States
8
One Thing in Common: World Cities II
More Music Quizzes
Wisdom From Music
Published
Trending Quizzes
Risky Map Clicking: Least Populous States A-Z
1-10 Letter F Words
Humor Books: The Subtitles
1-10 Letter G Words
One Thing in Common: United Kingdom
Recently Updated
Leaping Animals
pecheneg
Reality TV Shows (A-Z)
bhenderson79
Rickey Henderson's Hall of Fame Teammates
pecheneg
Champions League XIs: Arsenal
pecheneg
Quick Pick: Celebrities in WWE's Hall of Fame
aduchscher
A-Z Keypad Blitz II
pecheneg
Multiple Oscar Actors
pecheneg
Mystery Phrase Blitz: Oscar 'Best Actors'
pecheneg
F. Scott Fitzgerald Novels
LTH
Pick 3 Villains
ddd62291
Trending Topics
Crossword
Marvel
Harry Potter
Kpop
Disney
NBA
Anime
WWE
Country
The Office
Song
Puzzle
NFL
Pokémon
Soccer
Your Account Isn't Verified!
In order to create a playlist on Sporcle, you need to verify the email address you used during registration. Go to your
Sporcle Settings
to finish the process.
Report this User
Report this user for behavior that violates our
Community Guidelines
.
Details:
Send Report
Go to the Sporcle.com Mobile Site →
Comments